00000000nam 2200000zi 4500
0019.946528
003CaOODSP
00520250903115158
006m     o  d f      
007cr cn|||||||||
008250106s2024    onc     ob   f000 0 eng d
040 |aCaOODSP|beng|erda|cCaOODSP
043 |an-cn---
0861 |aPS83-3/R482-1E-PDF
24500|aExperiences at men's section 81 facilities : |ba qualitative examination.
264 1|a[Ottawa] : |bCorrectional Service Canada = Service correctionnel Canada, |c2024.
300 |a1 online resource (1 unnumbered page).
336 |atext|btxt|2rdacontent
337 |acomputer|bc|2rdamedia
338 |aonline resource|bcr|2rdacarrier
4901 |aResearch at a glance ; |vR-482
500 |aCaption title.
500 |aIssued also in French under title: Expériences au sein des établissements pour hommes visés à l’article 81 : un examen qualitatif.
504 |aIncludes bibliographical references.
520 |a"Men’s Section 81 facilities offer holistic, culturally focused environments that foster healing and community"--Page [1].
650 5|aIndigenous criminals|xRehabilitation|zCanada.
650 0|aMinority prisoners|zCanada|vStatistics.
650 0|aCorrectional institutions|zCanada.
7101 |aCorrectional Service Canada. |bResearch Branch, |eissuing body.
77508|tExpériences au sein des établissements pour hommes visés à l’article 81 : |w(CaOODSP)9.946532
830#0|aResearch at a glance (Correctional Service Canada)|vR-482.|w(CaOODSP)9.506649
85640|qPDF|s261 KB|uhttps://publications.gc.ca/collections/collection_2025/scc-csc/PS83-3-R482-1-eng.pdf
8564 |qHTML|sN/A|uhttps://www.canada.ca/en/correctional-service/corporate/library/research/glance/482.html